Tate McRae - Chansons commençant par S - Statistiques

Statistiques générales
  • Ce quiz a été pris 36 fois
  • Le résultat moyen est 5 sur 9
Statistiques - réponses
Hint Réponse % Correct
S Sports car
71%
S Siren sounds
68%
S She's All I Wanna Be
65%
S Stupid
65%
S Signs
58%
S Slower
48%
S Stay Done
39%
S Slip
32%
S Shoulder to Shoulder
19%
Aucun quiz correspondant
Distribution des résultats
% des personnes avec chaque résultat
Percentile par nombre de réponses
Votre historique - résultats
Vous n’avez pas pris ce quiz